Vainqueures de la Coupe du monde de ski alpin (femmes) - Statistiques

Statistiques générales
  • Ce quiz a été pris 300 fois
  • Le résultat moyen est 8 sur 31
Statistiques - réponses
Année Pays Skieuse % Correct
2022
Flag of the United States
Mikaela Shiffrin
93%
2016
Flag of Switzerland
Lara Gut
81%
2012
Flag of the United States
Lindsey Vonn
77%
2021 Flag of Slovakia Petra Vhlová
77%
2020
Flag of Italy
Federica Brignone
67%
2006 Flag of Croatia Janica Kostelić
47%
2013 Flag of Slovenia Tina Maze
47%
2015 Flag of Austria Anna Fenninger
30%
2005 Flag of Sweden Anja Pärson
27%
2011 Flag of Germany Maria Riesch
27%
1995
Flag of Switzerland
Vreni Schneider
27%
1984
Flag of Switzerland
Erika Hess
17%
1979 Flag of Austria Annemarie Moser-Pröll
16%
1987
Flag of Switzerland
Maria Walliser
15%
1988
Flag of Switzerland
Michela Figini
14%
1980 Flag of Liechtenstein Hanni Wenzel
13%
1998 Flag of Germany Katja Seizinger
13%
1997 Flag of Sweden Pernilla Wiberg
11%
2000 Flag of Austria Renate Götschl
10%
1977
Flag of Switzerland
Lise-Marie Morerod
9%
2007 Flag of Austria Nicole Hosp
9%
1992 Flag of Austria Petra Kronberger
9%
1999 Flag of Austria Alexandra Meissnitzer
7%
1981
Flag of Switzerland
Marie-Theres Nadig
7%
2002 Flag of Austria Michaela Dorfmeister
7%
1993 Flag of Austria Anita Wachter
6%
1970
Flag of France
Michèle Jacot
5%
1968 Flag of Canada Nancy Greene
5%
1976 Flag of Germany Rosi Mittermaier
4%
1983
Flag of the United States
Tamara McKinney
4%
1969 Flag of Austria Gertrude Gabl
3%
Aucun quiz correspondant
Distribution des résultats
% des personnes avec chaque résultat
Percentile par nombre de réponses
Votre historique - résultats
Vous n’avez pas pris ce quiz